00226nam a22000977a 4500082000800000100001600008245003700024260002500061300000800086500003400094 aSYE aSyed Kashif aCorporate governance in Pakistan aIslamabadbHECc2018 a129 aDonated by Dr Assadullah Qazi